000 00717nam a2200289Ia 4500
005 20260324135857.0
008 008 260324s9999 xx 000 0 eng d
020 _a9781315809892
037 _aEBOOK
040 _aCRL
040 _beng
040 _cCRL
041 _2eng
041 _aeng
084 _qCRL
100 _aMary Bratton
_91202254
245 0 _aFrom Surviving to Thriving
245 2 _bA Therapist's Guide to Stage II Recovery for Survivors of Childhood Abuse
260 _bTaylor and Francis
260 _c1999
365 _a
365 _b195
856 _uhttp://www.taylorfrancis.com/books/9781315809892
942 _cEBOOK
999 _c1803778
_d1803778